banner-ar

تاريخ الدولة الاسلامية عصر الخلافة العباسية : (Record no. 65935)

MARC details
000 -الفاتح
حقل البيانات ثابتة الطول 01240nam a22002777a 4500
005 - وقت وتاريخ اخر تعامل مع التسجيلة
رقم الضبط 20240530110850.0
008 - عناصر البيانات ثابتة الطول - معلومات عامة
حقل البيانات ثابتة الطول 200912s2020 ua a g b 000 0dara d
017 ## - رقم الايداع القانونى
رقم الايداع القانونى 2019/25630
المصدر ( الهيئة المختصة) مصر. دار الكتب
020 ## - الرقم الدولى المعيارى للكتب
الرقم الدولى المعيارى للكتاب 9789772125418
040 ## - مصدر الفهرسة
وكالة الفهرسة الأصلية EG-CaGPL
وكالة النسخ EG-CaGPL
082 04 - رقم تصنيف ديوى العشرى
رقم الطبعة 21
رقم التصنيف 953.04\
رقم المادة ع ت
100 0# - المدخل الرئيسى - إسم شخصى
الإسم الشخصى عبدالمعز فضل عبدالرازق محمود
245 10 - بيان العنوان
العنوان تاريخ الدولة الاسلامية عصر الخلافة العباسية :
بقية العنوان 132 - 656 هـ 750 - 1258 م : تاريخها ومظاهرها الحضارية /
بيان المسئوليه,etc تاليف واعداد عبدالمعز فضل عبدالرازق محمود
250 ## - بيان الطبعة
بيان الطبعة ط.1
260 ## - PUBLICATION, DISTRIBUTION, ETC. (IMPRINT)
تاريخ النشر أو التوزيع 2020
300 ## - الوصف المادى
التعداد 430 ص. ؛
أبعاد الوعاء 24 سم.
504 ## - تبصرة ببليوجرافية
تبصرة ببليوجرافية,الخ يشتمل على ارجاعات ببليوجرافية
650 07 - المدخل الاضافى بالموضوع-مصطلح موضوعى
مصطلح موضوعي التاريخ الاسلامى
مصدر الرأس أو المصطلح qrmak
650 07 - المدخل الاضافى بالموضوع-مصطلح موضوعى
مصطلح موضوعي الحضارة الاسلامية
651 07 - المدخل الاضافى بالموضوع - اسم جغرافى
مصدر الرأس أو المصطلح qrmak
الاسم الجغرافي الدولة الاموية
651 07 - المدخل الاضافى بالموضوع - اسم جغرافى
الاسم الجغرافي الدولة العباسية
651 07 - المدخل الاضافى بالموضوع - اسم جغرافى
الاسم الجغرافي الدولة الاموية
التقسيم الفرعي العام سقوط
651 07 - المدخل الاضافى بالموضوع - اسم جغرافى
الاسم الجغرافي الدولة العباسية
التقسيم الفرعي العام تاسيس
942 ## - عناصر المدخل الإضافي( كوها)
مصدر التصنيف او مخطط الترفيف Dewey Decimal Classification
Koha [default] item type كتاب
260 ## - PUBLICATION, DISTRIBUTION, ETC. (IMPRINT)
-- الاسكندرية :
-- مؤسسة شباب الجامعة ،
Holdings
حالة التراجع حالة الفقد حالة تلف ليس للاعارة المكان المؤقت الموقع الحالى موقع الترفيف تاريخ الاكتساب اجمالي اﻻعارات رقم الطلب الباركود تاريخ اخر مشاهدة تاريخ تفعيل السعر نوع وعاء كوها
        مكتبة القاهرة الكبرى مكتبة القاهرة الكبرى القاعة الرئيسية 11/22/2020   953.04\ ع ت 167058 11/22/2020 11/22/2020 كتاب

Powered By

EGPV